|
|
|
|
| LEADER |
01329nam a2200361 a 4500 |
| 001 |
EBC345290 |
| 003 |
MiAaPQ |
| 005 |
20200520144314.0 |
| 006 |
m o d | |
| 007 |
cr cn||||||||| |
| 008 |
720131s1955 mnuacf sb 001 0 eng d |
| 010 |
|
|
|z 55008488
|
| 015 |
|
|
|a GB55-12906
|
| 020 |
|
|
|z 9780816601127
|
| 020 |
|
|
|z 9780816663736
|
| 035 |
|
|
|a (MiAaPQ)EBC345290
|
| 035 |
|
|
|a (Au-PeEL)EBL345290
|
| 035 |
|
|
|a (CaPaEBR)ebr10231115
|
| 035 |
|
|
|a (CaONFJC)MIL525878
|
| 035 |
|
|
|a (OCoLC)476161424
|
| 040 |
|
|
|a MiAaPQ
|c MiAaPQ
|d MiAaPQ
|
| 050 |
|
4 |
|a HD1485.N4
|b M6 1955
|
| 082 |
0 |
4 |
|a 338.1
|
| 100 |
1 |
|
|a Morlan, Robert Loren,
|d 1920-
|
| 245 |
1 |
0 |
|a Political prairie fire
|h [electronic resource] :
|b the Nonpartisan League, 1915-1922 /
|c by Robert L. Morlan.
|
| 260 |
|
|
|a Minneapolis :
|b University of Minnesota Press,
|c c1955.
|
| 300 |
|
|
|a 408 p., [1] leaf of plates :
|b ill., ports.
|
| 504 |
|
|
|a Includes bibliographical references and index.
|
| 533 |
|
|
|a Electronic reproduction. Ann Arbor, MI : ProQuest, 2015. Available via World Wide Web. Access may be limited to ProQuest affiliated libraries.
|
| 610 |
2 |
0 |
|a National Nonpartisan League.
|
| 655 |
|
4 |
|a Electronic books.
|
| 710 |
2 |
|
|a ProQuest (Firm)
|
| 856 |
4 |
0 |
|u https://ebookcentral.proquest.com/lib/matrademy/detail.action?docID=345290
|z Click to View
|